000
00309nam a2200109 4500
999
_c
13179
_d
13179
008
190211b ||||| |||| 00| 0 eng d
245
_a
High quality charcoal produced from bamboo.
260
_a
Philippines
_b
The Philippine Star
_c
c2017
300
_a
page B5.
650
0
_9
36860
_a
Inventions.
942
_2
ddc
_c
PER